000 00341nam a22001337a 4500
020 _a9787513817417
040 _cNUST
082 _2915.1035
_aCHI
100 _aSinolingua
_986504
245 _aChina close-up:
_bChina, a closer country
260 _aBeijing
_bSinolingua ,
_c2019.
300 _a155p
_bPaperback
_c24cm.
942 _2ddc
_cBK
999 _c587351
_d587351